| 000 | 00493nam a22001337a 4500 | ||
|---|---|---|---|
| 999 |
_c4345 _d234849 |
||
| 080 | _a341 (728.1) R 327 | ||
| 245 | _aRevista de la Facultad de Ciencias JurÃdicas y Sociales. Universidad de San Carlos | ||
| 260 |
_aGuatemala _bFacultad de Ciencias JurÃdicas y Sociales. Universidad de San Carlos de Guartemala _c2001 |
||
| 300 | _a172 P. | ||
| 310 | _asemestral | ||
| 650 |
_2IEDCYT _xderecho _xobligaciones _xgrupos financieros _xlaudos arbitrales |
||
| 942 | _2cdu | ||
| 945 |
_acd _d2016-08-04 |
||